=LDR 00000nam 2200000 4500 =001 INLIS000000000029078 =005 20130612131335 =008 ***********************************Ind** =035 ##$$0010-061300000029078 =041 ##$$a Ind =082 ##$$a 810 =090 ##$$a 810, Cha k =100 ##$$a Chalil, Komaruddin =245 ##$$a Kumpulan kata mutiara dan hikmah, H.M Komaruddin Chalil =260 ##$$a 2007 $b Bandung =300 ##$$a iv, 99 hlm, 21 cm =650 ##$$a Sastra Indonesia =850 ##$$a NBPNMAT =990 ##$$a 0001/BPAP-NTB/2016